000 00362nam a2200169Ia 4500
100 _aYanushkevich/Svetlana N
650 _aLogic Design
942 _cBK
366 _f27
654 _alogic design
245 _aIntoduction to logic design
260 _bCRC Press
_c2008
082 _bYAN
300 _a692
546 _aENGLISH
_cPAMPHALETS
999 _c27723
_d27723